• 首页
  • 本馆介绍
  • 公告通知
  • 最新文献
  • 馆藏检索
  • 电子资源
  • 读者导购
  • 参考咨询
  • 我的图书馆
  • 登录
  • 详细信息显示
  • 放入我的书架
  • 预约/预借图书
  • 作者相关作品
  • 分类相关作品
  • 丛书相关作品
  • 出版社相关作品

书目信息

  • 表格格式
  • 工作单格式
  • 卡片格式
题名:
李煜传
    
 
作者: 田居俭 著
分册:  
出版信息: 北京   国际文化出版公司  2006
页数: 342页
开本: 23cm
丛书名:
单 册:
中图分类: K827=432
科图分类:
主题词:
电子资源:
ISBN: 7-80173-582-X
000 00813nam0 2200253 45
001 1050781609
005 20100420091145.17
010    @a7-80173-582-X@dCNY29.80
100    @a20100408d2006 em y0chiy0110 ea
101 0  @achi
102    @aCN@b110000
105    @aab z 000yb
106    @ar
200 1  @a李煜传@ALi Yu Zhuan@f田居俭著@FTian Ju Jian Zhu
205    @a修订版
210    @a北京@c国际文化出版公司@d2006
215    @a342页@c图,地图@d23cm
330    @a本书以南唐兴亡为经,以李煜的家世、生平、诗词、轶闻为纬,交织再现了这个集词宗与君主、天才与庸才、成功与失败于一身的人物全貌。
600  0 @a李煜@f(937~978)@x传记
600  0 @a李煜@f(937~978)
690    @aK827=432@v4
701  0 @a田居俭@ATian Ju Jian@f(1935~)@4著
801  0 @aCN@bTANGWEI@c20100420
905    @b0590419-21@dK827=432@e485=2@f3
    
    李煜传/田居俭著.-修订版.-北京:国际文化出版公司,2006
    342页:图,地图;23cm
    
    
    ISBN 7-80173-582-X:CNY29.80
    本书以南唐兴亡为经,以李煜的家世、生平、诗词、轶闻为纬,交织再现了这个集词宗与君主、天才与庸才、成功与失败于一身的人物全貌。
●
相关链接 在E读中查询图书 在五车中查询图书 在当当中查询图书 在豆瓣中查询图书


正题名:李煜传     索取号:K827=432/485=2         预约/预借

序号 登录号 条形码 馆藏地/架位号 状态 备注
1 0590419   205904191   第二样本阅览室/ [索取号:K827=432/485=2] 在馆    
2 0590420   205904208   第二借阅区/ [索取号:K827=432/485=2] 在馆    
3 0590421   205904217   第二借阅区/ [索取号:K827=432/485=2] 在馆    
唐山师范学院图书馆 欢迎您!
大连网信软件有限公司© 版权所有